000 00414nam a22001457a 4500
999 _c7524
_d7522
005 20210306105449.0
008 210306b ||||| |||| 00| 0 eng d
082 _a346.066
100 _aAIYAR, A.N.
_96466
245 _aREPORTS OF COMPANY CASES INCLUDING CASES OF BANKING AND INSURENCE [VOL-21]
260 _aMADRAS
_bTHE COMPANY INSTITUTE OF INDIA
_c1951
300 _aI-48,P
650 _aLAW
_95701
942 _cJRL